[Event "ROM-chT"]
[White "Musat, Adrian"]
[Black "Cozianu, Costin"]
[Site "Mamaia"]
[Round "2.10"]
[Result "1/2-1/2"]
[Date "2024.09.29"]
[WhiteElo "2358"]
[BlackElo "2356"]
[PlyCount "45"]
[EventDate "2024.09.28"]
[EventType "team-tourn"]
[EventRounds "9"]
[EventCountry "ROU"]
[SourceTitle "EXT 2025"]
[Source "ChessBase"]
[SourceDate "2024.10.14"]
[SourceVersion "1"]
[SourceVersionDate "2024.10.14"]
[SourceQuality "1"]
[WhiteTeam "Craiova Oltenia"]
[BlackTeam "Galati Smart"]
[WhiteTeamCountry "ROU"]
[BlackTeamCountry "ROU"]

1. e4 c5 2. c3 e6 3. d4 d5 4. exd5 exd5 5. Bb5+ Nc6 6. Nf3 Bd6 7. 0-0 Nge7 8. dxc5 Bxc5 9. Re1 0-0 10. Be3 Qb6 11. Bxc5 Qxc5 12. Bd3 Bf5 13. Na3 Rad8 14. Nc2 Rfe8 15. Ncd4 Nxd4 16. cxd4 Qc8 17. Bb5 Nc6 18. Ne5 f6 19. Nxc6 bxc6 20. Bf1 Qb7 21. Qd2 Qb6 22. Rxe8+ Rxe8 23. Rc1 1/2-1/2

[Event "Titled Tuesday intern op 28th Nov Early"]
[White "Musat, Adrian"]
[Black "Buchenau, Frank"]
[Site "Chess.com INT"]
[Round "5"]
[Result "1-0"]
[Date "2023.11.28"]
[WhiteElo "2372"]
[BlackElo "2135"]
[PlyCount "111"]
[EventDate "2023.11.28"]
[EventType "swiss (blitz)"]
[EventRounds "11"]
[EventCountry "USA"]
[SourceTitle "EXT 2025"]
[Source "ChessBase"]
[SourceDate "2024.10.14"]
[SourceVersion "1"]
[SourceVersionDate "2024.10.14"]
[SourceQuality "1"]

1. d4 e6 2. Bf4 Nf6 3. Nf3 d5 4. e3 c5 5. c3 Nc6 6. Nbd2 Bd6 7. Bg3 0-0 8. Bd3 b6 9. e4 Be7 10. e5 Nh5 11. Ng5 Bxg5 12. Qxh5 g6 13. Qe2 cxd4 14. h4 Bxd2+ 15. Qxd2 dxc3 16. bxc3 d4 17. c4 Qe7 18. h5 Qb4 19. hxg6 fxg6 20. Be4 Qxd2+ 21. Kxd2 Bb7 22. Rh4 Rad8 23. Rah1 Rd7 24. Bxg6 hxg6 25. Rh8+ Kf7 26. R1h7+ Ke8 27. Rxf8+ Kxf8 28. Rxd7 Ba6 29. Rd6 Na5 30. Rxd4 Bxc4 31. Rd7 a6 32. a4 Bb3 33. Ra7 Bxa4 34. Rxa6 Bc6 35. Kc3 Bxg2 36. Rxb6 Nc6 37. f4 Bd5 38. Rb7 Ne7 39. Rc7 Nf5 40. Bf2 Ke8 41. Kb4 Kd8 42. Rh7 Ke8 43. Kc5 Kf8 44. Kb6 Kg8 45. Rc7 Kf8 46. Bc5+ Ke8 47. Bd6 Kd8 48. Rh7 Ke8 49. Ka7 Be4 50. Kb8 Nd4 51. Rg7 Ne2 52. Re7+ Kd8 53. Rxe6 Nxf4 54. Rf6 g5 55. e6 Bd5 56. Rf8# 1-0

[Event "Titled Tuesday intern op 28th Nov Early"]
[White "Musat, Adrian"]
[Black "Davletbayeva, Madina"]
[Site "Chess.com INT"]
[Round "8"]
[Result "0-1"]
[Date "2023.11.28"]
[WhiteElo "2372"]
[BlackElo "2216"]
[PlyCount "80"]
[EventDate "2023.11.28"]
[EventType "swiss (blitz)"]
[EventRounds "11"]
[EventCountry "USA"]
[SourceTitle "EXT 2025"]
[Source "ChessBase"]
[SourceDate "2024.10.14"]
[SourceVersion "1"]
[SourceVersionDate "2024.10.14"]
[SourceQuality "1"]

1. d4 Nf6 2. Nf3 e6 3. Bf4 d5 4. e3 Bd6 5. Nbd2 0-0 6. Bg3 c5 7. c3 Qc7 8. Bxd6 Qxd6 9. Ne5 Nc6 10. f4 Nd7 11. Bd3 f5 12. 0-0 cxd4 13. cxd4 Ncxe5 14. fxe5 Qe7 15. Rc1 Qg5 16. Qe2 Rf7 17. Rf3 Nf8 18. Rg3 Qh6 19. Nf3 Bd7 20. Rh3 Qg6 21. Rg3 Qh6 22. Rh3 Qg6 23. Rg3 Qh5 24. Rh3 Qg4 25. Rh4 Qg6 26. Rf1 h6 27. Nd2 Nh7 28. Rf3 Ng5 29. Rg3 Rc8 30. Nf3 Rc1+ 31. Kf2 Ba4 32. b3 Be8 33. Nxg5 hxg5 34. Rh5 g4 35. Rh4 Qg5 36. Qd2 Rh1 37. Qc3 Qxh4 38. Qc8 Rf8 39. Qxe6+ Bf7 40. Qe7 Qxe7 0-1

[Event "Titled Tuesday intern op 07th Nov Early"]
[White "Begunov, Konstantin"]
[Black "Musat, Adrian"]
[Site "Chess.com INT"]
[Round "10"]
[Result "1-0"]
[Date "2023.11.07"]
[WhiteElo "2325"]
[BlackElo "2372"]
[PlyCount "103"]
[EventDate "2023.11.07"]
[EventType "swiss (blitz)"]
[EventRounds "11"]
[EventCountry "USA"]
[SourceTitle "EXT 2025"]
[Source "ChessBase"]
[SourceDate "2024.10.14"]
[SourceVersion "1"]
[SourceVersionDate "2024.10.14"]
[SourceQuality "1"]

1. d4 d5 2. c4 e6 3. Nc3 c5 4. cxd5 exd5 5. Nf3 Nc6 6. g3 Nf6 7. Bg2 cxd4 8. Nxd4 Bc5 9. Nxc6 bxc6 10. 0-0 0-0 11. Na4 Bb6 12. Bf4 Re8 13. Rc1 Ba6 14. Re1 Rc8 15. Nc5 Bxc5 16. Rxc5 Qb6 17. Rc2 h6 18. Qd2 Ng4 19. e4 d4 20. e5 d3 21. Rc3 g5 22. Bh3 gxf4 23. Bxg4 fxg3 24. Bxc8 gxf2+ 25. Qxf2 Qxf2+ 26. Kxf2 Rxc8 27. Ke3 c5 28. Kd2 Rb8 29. b3 Rb4 30. Rxc5 Rh4 31. Rg1+ Kh7 32. Rg2 Bb7 33. Rf2 Be4 34. Rc7 Kg6 35. Rxa7 Bd5 36. Kxd3 Rh3+ 37. Kd4 Be6 38. b4 Rh4+ 39. Kc3 Rc4+ 40. Kd3 Rxb4 41. Ra3 Bc4+ 42. Kd2 Be6 43. Rg3+ Kh5 44. Kc3 Rc4+ 45. Kd3 Rc5 46. Rf4 Rxe5 47. a3 Rd5+ 48. Rd4 Bf5+ 49. Kc3 Rc5+ 50. Kb4 Rc2 51. Rd5 Rf2 52. a4 1-0

[Event "Titled Tuesday intern op 07th Nov Early"]
[White "Musat, Adrian"]
[Black "Asish, Panda"]
[Site "Chess.com INT"]
[Round "2"]
[Result "0-1"]
[Date "2023.11.07"]
[WhiteElo "2372"]
[BlackElo "1773"]
[PlyCount "104"]
[EventDate "2023.11.07"]
[EventType "swiss (blitz)"]
[EventRounds "11"]
[EventCountry "USA"]
[SourceTitle "EXT 2025"]
[Source "ChessBase"]
[SourceDate "2024.10.14"]
[SourceVersion "1"]
[SourceVersionDate "2024.10.14"]
[SourceQuality "1"]

1. d4 d5 2. c4 e6 3. Nc3 Nf6 4. cxd5 exd5 5. Bg5 c6 6. e3 Bd6 7. Bd3 0-0 8. Qc2 h6 9. Bh4 a5 10. Nge2 Na6 11. a3 Re8 12. 0-0 Bxh2+ 13. Kxh2 Ng4+ 14. Kg3 g5 15. Bf5 gxh4+ 16. Kh3 Qg5 17. Bxc8 Raxc8 18. g3 hxg3 19. Nxg3 Nc7 20. Qf5 Nf6 21. Qxg5+ hxg5 22. Nf5 Re6 23. Rh1 Nce8 24. Rag1 g4+ 25. Kg2 Ng7 26. Nh6+ Kf8 27. Nxg4 Ke7 28. Kf3 Nxg4 29. Rxg4 Nf5 30. Rh7 Nd6 31. Rgg7 Rf6+ 32. Ke2 b5 33. f3 Re6 34. b3 Rf8 35. Kd3 Nf5 36. e4 Nxg7 37. Rxg7 b4 38. axb4 axb4 39. exd5 Rg6 40. Rxg6 fxg6 41. Na2 Rxf3+ 42. Ke4 Rxb3 43. dxc6 Kd6 44. d5 g5 45. Nc1 Rc3 46. Na2 Rc4+ 47. Kd3 Kxd5 48. c7 Rxc7 49. Nxb4+ Ke5 50. Ke3 Rc3+ 51. Kf2 Rb3 52. Nc2 Rb2 0-1

[Event "Titled Tuesday intern op 07th Nov Early"]
[White "Musat, Adrian"]
[Black "Mohammadi, Melika"]
[Site "Chess.com INT"]
[Round "3"]
[Result "0-1"]
[Date "2023.11.07"]
[WhiteElo "2372"]
[BlackElo "2164"]
[PlyCount "62"]
[EventDate "2023.11.07"]
[EventType "swiss (blitz)"]
[EventRounds "11"]
[EventCountry "USA"]
[SourceTitle "EXT 2025"]
[Source "ChessBase"]
[SourceDate "2024.10.14"]
[SourceVersion "1"]
[SourceVersionDate "2024.10.14"]
[SourceQuality "1"]

1. d4 Nf6 2. c4 e6 3. Nc3 d5 4. cxd5 exd5 5. Bg5 Bb4 6. e3 h6 7. Bh4 g5 8. Bg3 Ne4 9. Qb3 c5 10. Bb5+ Nc6 11. Nge2 Be6 12. 0-0 Nd2 13. Qa4 Nxf1 14. Bxc6+ bxc6 15. Qxc6+ Kf8 16. Rxf1 Rc8 17. Qa4 Qb6 18. Be5 Rh7 19. Qc2 Kg8 20. f4 cxd4 21. Bxd4 Qc7 22. fxg5 hxg5 23. Ng3 Bd6 24. Qf2 Bxg3 25. hxg3 Rh6 26. Nb5 Qc2 27. Qf3 Qh7 28. Qe2 Rh1+ 29. Kf2 Rc2 30. Rxh1 Rxe2+ 31. Kxe2 Qxh1 0-1

[Event "Titled Tuesday intern op 07th Nov Early"]
[White "Musat, Adrian"]
[Black "Reinecke, Katharina"]
[Site "Chess.com INT"]
[Round "9"]
[Result "1-0"]
[Date "2023.11.07"]
[WhiteElo "2372"]
[BlackElo "1861"]
[PlyCount "49"]
[EventDate "2023.11.07"]
[EventType "swiss (blitz)"]
[EventRounds "11"]
[EventCountry "USA"]
[SourceTitle "EXT 2025"]
[Source "ChessBase"]
[SourceDate "2024.10.14"]
[SourceVersion "1"]
[SourceVersionDate "2024.10.14"]
[SourceQuality "1"]

1. d4 c6 2. Bf4 d5 3. Nf3 Nf6 4. e3 e6 5. c4 Be7 6. Nc3 0-0 7. Be2 dxc4 8. Bxc4 Nbd7 9. 0-0 Nb6 10. Bd3 Nbd5 11. Bg3 b6 12. a3 Bb7 13. e4 Nxc3 14. bxc3 c5 15. e5 Nd5 16. Qc2 Rc8 17. Bxh7+ Kh8 18. dxc5 Rxc5 19. c4 Qc7 20. Bd3 b5 21. Qe2 bxc4 22. Bc2 Nc3 23. Qe3 Nd5 24. Qe4 Ra5 25. Qh7# 1-0

[Event "Titled Tuesday intern op 31st Oct Early"]
[White "Musat, Adrian"]
[Black "Karamsetty, Jeevan"]
[Site "Chess.com INT"]
[Round "1"]
[Result "0-1"]
[Date "2023.10.31"]
[WhiteElo "2372"]
[BlackElo "2284"]
[PlyCount "78"]
[EventDate "2023.10.31"]
[EventType "swiss (blitz)"]
[EventRounds "11"]
[EventCountry "USA"]
[SourceTitle "EXT 2025"]
[Source "ChessBase"]
[SourceDate "2024.10.14"]
[SourceVersion "1"]
[SourceVersionDate "2024.10.14"]
[SourceQuality "1"]

1. d4 d6 2. c4 g6 3. Nc3 Bg7 4. e4 e5 5. d5 a5 6. Be2 Na6 7. Be3 Bd7 8. a3 Ne7 9. Nf3 0-0 10. 0-0 f5 11. Bg5 h6 12. Bxe7 Qxe7 13. Nd2 f4 14. Bg4 Kh7 15. Bxd7 Qxd7 16. Qf3 g5 17. h3 Kg6 18. Qg4 Qxg4 19. hxg4 Rh8 20. Nb5 h5 21. gxh5+ Rxh5 22. f3 Bf8 23. Kf2 c6 24. Nc3 Nc5 25. Ke2 Be7 26. b4 Nd7 27. Rh1 Rxh1 28. Rxh1 axb4 29. axb4 Ra3 30. Rc1 Bd8 31. b5 cxd5 32. Nxd5 Nc5 33. Rc3 Ra2 34. Nb4 Rb2 35. Nd3 Ra2 36. Nxc5 dxc5 37. Rd3 Ba5 38. Kd1 Kh5 39. Nb3 Bb4 0-1

[Event "Titled Tuesday intern op 31st Oct Early"]
[White "Musat, Adrian"]
[Black "Molina Carretero, Daniel"]
[Site "Chess.com INT"]
[Round "3"]
[Result "1-0"]
[Date "2023.10.31"]
[WhiteElo "2372"]
[BlackElo "2194"]
[PlyCount "65"]
[EventDate "2023.10.31"]
[EventType "swiss (blitz)"]
[EventRounds "11"]
[EventCountry "USA"]
[SourceTitle "EXT 2025"]
[Source "ChessBase"]
[SourceDate "2024.10.14"]
[SourceVersion "1"]
[SourceVersionDate "2024.10.14"]
[SourceQuality "1"]

1. d4 Nf6 2. Bf4 d5 3. Nf3 c5 4. e3 Nc6 5. Nbd2 cxd4 6. exd4 Bf5 7. c3 e6 8. Qb3 Qc8 9. Ne5 Nxe5 10. Bxe5 Nd7 11. Bg3 Be7 12. Be2 0-0 13. 0-0 h6 14. Rfe1 a5 15. a4 Nb8 16. c4 Bb4 17. Red1 Bxd2 18. Rxd2 dxc4 19. Bxc4 Nc6 20. d5 exd5 21. Bxd5 Nb4 22. Bd6 Rd8 23. Bxf7+ Kh8 24. Bxb4 axb4 25. Rxd8+ Qxd8 26. Qxb4 Qf6 27. Qxb7 Rf8 28. Bd5 Bc8 29. Qa7 Qxb2 30. Rf1 Qd2 31. Qc5 Ba6 32. Qxf8+ Kh7 33. Be4+ 1-0

[Event "Titled Tuesday intern op 31st Oct Early"]
[White "Musat, Adrian"]
[Black "Shoshin, Kirill"]
[Site "Chess.com INT"]
[Round "7"]
[Result "0-1"]
[Date "2023.10.31"]
[WhiteElo "2372"]
[BlackElo "2250"]
[PlyCount "66"]
[EventDate "2023.10.31"]
[EventType "swiss (blitz)"]
[EventRounds "11"]
[EventCountry "USA"]
[SourceTitle "EXT 2025"]
[Source "ChessBase"]
[SourceDate "2024.10.14"]
[SourceVersion "1"]
[SourceVersionDate "2024.10.14"]
[SourceQuality "1"]

1. d4 Nf6 2. c4 c5 3. d5 b5 4. cxb5 a6 5. bxa6 g6 6. Nc3 Bg7 7. e4 d6 8. Nf3 0-0 9. Be2 Qa5 10. 0-0 Nxa6 11. Bd2 Rb8 12. b3 Qb4 13. Qc2 Bd7 14. Bxa6 Qb6 15. Bd3 Bg4 16. Ne1 Nd7 17. f3 c4+ 18. Kh1 cxd3 19. Nxd3 Rfc8 20. fxg4 Nf6 21. Nf2 h5 22. Qd3 hxg4 23. Be3 Qa5 24. Bd4 g3 25. hxg3 Nd7 26. Bxg7 Kxg7 27. Qd4+ Ne5 28. Ne2 Rc2 29. Nd3 Rh8+ 30. Kg1 Rxe2 31. Nxe5 dxe5 32. Qxe5+ Kg8 33. Qxe7 Qb6+ 0-1

[Event "Titled Tuesday intern op 24th Oct Early"]
[White "Ljubarov, Mark"]
[Black "Musat, Adrian"]
[Site "Chess.com INT"]
[Round "5"]
[Result "1-0"]
[Date "2023.10.24"]
[WhiteElo "2305"]
[BlackElo "2378"]
[PlyCount "25"]
[EventDate "2023.10.24"]
[EventType "swiss (blitz)"]
[EventRounds "11"]
[EventCountry "USA"]
[SourceTitle "EXT 2025"]
[Source "ChessBase"]
[SourceDate "2024.10.14"]
[SourceVersion "1"]
[SourceVersionDate "2024.10.14"]
[SourceQuality "1"]

1. e4 e5 2. Nf3 Nc6 3. Bc4 Nf6 4. d4 exd4 5. 0-0 Nxe4 6. Re1 d5 7. Bxd5 Qxd5 8. Nc3 Qh5 9. Nxe4 Be6 10. Nxd4 Qxd1 11. Rxd1 Nxd4 12. Rxd4 Bc5 13. Nxc5 1-0

[Event "Titled Tuesday intern op 24th Oct Early"]
[White "Musat, Adrian"]
[Black "Kononenko, Dmitry1"]
[Site "Chess.com INT"]
[Round "1"]
[Result "0-1"]
[Date "2023.10.24"]
[WhiteElo "2378"]
[BlackElo "2251"]
[PlyCount "78"]
[EventDate "2023.10.24"]
[EventType "swiss (blitz)"]
[EventRounds "11"]
[EventCountry "USA"]
[SourceTitle "EXT 2025"]
[Source "ChessBase"]
[SourceDate "2024.10.14"]
[SourceVersion "1"]
[SourceVersionDate "2024.10.14"]
[SourceQuality "1"]

1. d4 Nf6 2. c4 c5 3. d5 b5 4. cxb5 a6 5. b6 g6 6. Nc3 Bg7 7. e4 0-0 8. Nf3 d6 9. Be2 Nbd7 10. h3 Nxb6 11. 0-0 Bd7 12. Qc2 Qc7 13. Be3 Rfb8 14. a3 Nc8 15. Rab1 Bb5 16. Rfc1 Bxe2 17. Qxe2 a5 18. Qc4 Nb6 19. Qb5 Nbxd5 20. Nxd5 Nxd5 21. Qe2 Nxe3 22. Qxe3 Rxb2 23. Rxb2 Bxb2 24. Rb1 Rb8 25. e5 dxe5 26. Qe4 Bd4 27. Rxb8+ Qxb8 28. Qd5 e6 29. Qd7 e4 30. Ng5 Bxf2+ 31. Kf1 Qf4 32. Nxe6 fxe6 33. Qxe6+ Qf7 34. Qxf7+ Kxf7 35. Kxf2 Ke6 36. Ke3 Ke5 37. g4 g5 38. a4 Kd5 39. Kd2 Kd4 0-1

[Event "Titled Tuesday intern op 24th Oct Early"]
[White "Musat, Adrian"]
[Black "Mirza, Diana"]
[Site "Chess.com INT"]
[Round "7"]
[Result "1/2-1/2"]
[Date "2023.10.24"]
[WhiteElo "2378"]
[BlackElo "1913"]
[PlyCount "103"]
[EventDate "2023.10.24"]
[EventType "swiss (blitz)"]
[EventRounds "11"]
[EventCountry "USA"]
[SourceTitle "EXT 2025"]
[Source "ChessBase"]
[SourceDate "2024.10.14"]
[SourceVersion "1"]
[SourceVersionDate "2024.10.14"]
[SourceQuality "1"]

1. d4 d5 2. Bf4 Bf5 3. e3 e6 4. c4 c6 5. Qb3 Qb6 6. c5 Qxb3 7. axb3 a6 8. Nc3 Nf6 9. b4 h6 10. Nf3 g5 11. Be5 Be7 12. b5 0-0 13. Be2 Nbd7 14. bxc6 bxc6 15. Rxa6 Rxa6 16. Bxa6 Ra8 17. Bf1 Ra1+ 18. Kd2 g4 19. Nh4 Ne4+ 20. Nxe4 Bxh4 21. Bg3 Be7 22. Nc3 Nf6 23. f3 h5 24. h3 gxf3 25. gxf3 Nd7 26. Bg2 Rxh1 27. Bxh1 h4 28. Bf4 Bxh3 29. e4 Bf1 30. b4 Bb5 31. Nxb5 cxb5 32. exd5 exd5 33. Bg2 Nf6 34. Bh3 Nh5 35. Be5 Ng3 36. Bxg3 hxg3 37. f4 Kg7 38. Ke3 Kf6 39. Kf3 Bd8 40. Kxg3 Kg6 41. Kf3 f5 42. Bg2 Bf6 43. Bf1 Bxd4 44. Bxb5 Bc3 45. Bc6 Bxb4 46. Bxd5 Bxc5 47. Bc6 Bd6 48. Bb7 Bxf4 49. Ba8 Kf6 50. Bb7 Ke5 51. Bc8 Bc1 52. Bxf5 1/2-1/2

[Event "Titled Tuesday intern op 24th Oct Early"]
[White "Musat, Adrian"]
[Black "Prado, Alexandra"]
[Site "Chess.com INT"]
[Round "9"]
[Result "1-0"]
[Date "2023.10.24"]
[WhiteElo "2378"]
[BlackElo "1861"]
[PlyCount "51"]
[EventDate "2023.10.24"]
[EventType "swiss (blitz)"]
[EventRounds "11"]
[EventCountry "USA"]
[SourceTitle "EXT 2025"]
[Source "ChessBase"]
[SourceDate "2024.10.14"]
[SourceVersion "1"]
[SourceVersionDate "2024.10.14"]
[SourceQuality "1"]

1. d4 Nf6 2. Bf4 g6 3. Nf3 Bg7 4. e3 0-0 5. Nbd2 d6 6. Be2 Nc6 7. h3 Nd7 8. 0-0 e5 9. dxe5 dxe5 10. Bg3 h6 11. c3 Qe7 12. Ne4 f5 13. Bc4+ Kh7 14. Bh4 g5 15. Nfxg5+ hxg5 16. Qh5+ Bh6 17. Nxg5+ Kg7 18. Ne6+ Qxe6 19. Bxe6 Nf6 20. Bxf6+ Rxf6 21. Bxc8 Rxc8 22. Rad1 Rf7 23. b4 Rg8 24. b5 Nd8 25. Rd5 Kh7 26. Rxd8 1-0

[Event "Titled Tuesday intern op 24th Oct Early"]
[White "Musat, Adrian"]
[Black "Shturman, Arseniy"]
[Site "Chess.com INT"]
[Round "2"]
[Result "0-1"]
[Date "2023.10.24"]
[WhiteElo "2378"]
[BlackElo "2161"]
[PlyCount "142"]
[EventDate "2023.10.24"]
[EventType "swiss (blitz)"]
[EventRounds "11"]
[EventCountry "USA"]
[SourceTitle "EXT 2025"]
[Source "ChessBase"]
[SourceDate "2024.10.14"]
[SourceVersion "1"]
[SourceVersionDate "2024.10.14"]
[SourceQuality "1"]

1. d4 Nf6 2. c4 e6 3. Nc3 Bb4 4. e3 0-0 5. Nge2 d5 6. a3 Be7 7. cxd5 Nxd5 8. e4 Nxc3 9. bxc3 c5 10. Be3 cxd4 11. cxd4 b6 12. Ng3 Bb7 13. Be2 Nc6 14. 0-0 Bf6 15. d5 exd5 16. exd5 Ne7 17. d6 Nd5 18. Bd4 Bxd4 19. Qxd4 Qxd6 20. Qxg7+ Kxg7 21. Nf5+ Kf6 22. Nxd6 Nf4 23. Nxb7 Nxe2+ 24. Kh1 Rfe8 25. Nd6 Re6 26. Nb5 Re5 27. Rfe1 Rxb5 28. Rxe2 Rd8 29. g3 Rd3 30. a4 Ra5 31. Re4 Rf3 32. Kg2 Rff5 33. Rc1 Rfc5 34. Rd1 Re5 35. Rf4+ Rf5 36. Re4 Rad5 37. Rc1 Rc5 38. Rxc5 Rxc5 39. Rh4 h5 40. Rd4 Ke5 41. Rd7 Ra5 42. Rxf7 Rxa4 43. Rh7 h4 44. Rh5+ Kf6 45. Rh6+ Kg7 46. Rd6 hxg3 47. hxg3 Kf7 48. Rd7+ Ke6 49. Rb7 Kd6 50. f4 Kc6 51. Rb8 a5 52. Kf3 Rd4 53. g4 a4 54. g5 a3 55. Ra8 Rd3+ 56. Kg4 b5 57. g6 Rd6 58. f5 Rd4+ 59. Kg5 Ra4 60. Rb8 a2 61. g7 a1Q 62. g8Q Qg1+ 63. Kf6 Qd4+ 64. Kf7 Qd5+ 65. Kf6 Qd4+ 66. Kf7 Ra7+ 67. Kg6 Qg4+ 68. Kf6 Qh4+ 69. Qg5 Rf7+ 70. Kxf7 Qxg5 71. Rc8+ Kd7 0-1

[Event "Titled Tuesday intern op 10th Oct Early"]
[White "Rietze, Clemens"]
[Black "Musat, Adrian"]
[Site "Chess.com INT"]
[Round "7"]
[Result "1-0"]
[Date "2023.10.10"]
[WhiteElo "2329"]
[BlackElo "2378"]
[PlyCount "49"]
[EventDate "2023.10.10"]
[EventType "swiss (blitz)"]
[EventRounds "11"]
[EventCountry "USA"]
[SourceTitle "EXT 2025"]
[Source "ChessBase"]
[SourceDate "2024.10.14"]
[SourceVersion "1"]
[SourceVersionDate "2024.10.14"]
[SourceQuality "1"]

1. d4 Nf6 2. c4 e6 3. Nf3 d5 4. Nc3 Bb4 5. Qa4+ Nc6 6. cxd5 exd5 7. Bg5 h6 8. Bxf6 Qxf6 9. e3 0-0 10. Be2 Be6 11. 0-0 Bd6 12. Qc2 Bf5 13. Qb3 Be6 14. Qxb7 Na5 15. Qb5 Nc4 16. Nxd5 Bxd5 17. Qxd5 Nxb2 18. a4 c6 19. Qa2 Rab8 20. Rab1 g5 21. Rxb2 g4 22. Ne1 Rxb2 23. Qxb2 Rb8 24. Qc2 h5 25. Nd3 1-0

[Event "Titled Tuesday intern op 03rd Oct Early"]
[White "Crocker, Philip J"]
[Black "Musat, Adrian"]
[Site "Chess.com INT"]
[Round "9"]
[Result "1/2-1/2"]
[Date "2023.10.03"]
[WhiteElo "2137"]
[BlackElo "2378"]
[PlyCount "104"]
[EventDate "2023.10.03"]
[EventType "swiss (blitz)"]
[EventRounds "11"]
[EventCountry "USA"]
[SourceTitle "EXT 2025"]
[Source "ChessBase"]
[SourceDate "2024.10.14"]
[SourceVersion "1"]
[SourceVersionDate "2024.10.14"]
[SourceQuality "1"]

1. e4 e5 2. Nf3 Nc6 3. Bb5 a6 4. Ba4 Nf6 5. 0-0 Be7 6. Re1 b5 7. Bb3 0-0 8. a4 Bb7 9. axb5 axb5 10. Rxa8 Bxa8 11. c3 d5 12. exd5 Nxd5 13. d4 exd4 14. Nxd4 Nxd4 15. cxd4 Bd6 16. Nc3 Nxc3 17. bxc3 Qh4 18. g3 Qh3 19. d5 f5 20. f4 g5 21. Qe2 gxf4 22. Qe6+ Kh8 23. c4 Bc5+ 24. Kh1 Bd4 25. Bxf4 bxc4 26. Bxc4 Qg4 27. Be5+ Bxe5 28. Qxe5+ Qg7 29. Qxg7+ Kxg7 30. Re7+ Rf7 31. Rxf7+ Kxf7 32. Kg1 Ke7 33. Kf2 Kd6 34. Bd3 Ke5 35. d6 cxd6 36. Ke3 Be4 37. Bb5 d5 38. Be2 d4+ 39. Kd2 f4 40. gxf4+ Kxf4 41. Bh5 h6 42. Be2 Bf3 43. Bxf3 Kxf3 44. Kd3 Kg2 45. Kxd4 Kxh2 46. Ke3 h5 47. Kf2 h4 48. Kf1 h3 49. Kf2 Kh1 50. Kf1 Kh2 51. Kf2 Kh1 52. Kf1 Kh2 1/2-1/2

[Event "Titled Tuesday intern op 03rd Oct Early"]
[White "Sasvatha, A."]
[Black "Musat, Adrian"]
[Site "Chess.com INT"]
[Round "8"]
[Result "1/2-1/2"]
[Date "2023.10.03"]
[WhiteElo "1568"]
[BlackElo "2378"]
[PlyCount "224"]
[EventDate "2023.10.03"]
[EventType "swiss (blitz)"]
[EventRounds "11"]
[EventCountry "USA"]
[SourceTitle "EXT 2025"]
[Source "ChessBase"]
[SourceDate "2024.10.14"]
[SourceVersion "1"]
[SourceVersionDate "2024.10.14"]
[SourceQuality "1"]

1. d4 Nf6 2. Nf3 g6 3. Bf4 Bg7 4. e3 0-0 5. c3 d5 6. Nbd2 c5 7. h3 Nc6 8. Bd3 Nd7 9. 0-0 e5 10. dxe5 Ndxe5 11. Nxe5 Nxe5 12. Be2 Bf5 13. Nf3 Nxf3+ 14. Bxf3 Be4 15. Bxe4 dxe4 16. Qa4 Qe8 17. Qb3 Qc6 18. Rad1 Rad8 19. Qa3 a6 20. Qa5 Rd3 21. Rb1 Rfd8 22. Qa3 Bf8 23. Qb3 b5 24. Qc2 Rd2 25. Qc1 Qe6 26. Ra1 Qc4 27. b3 Qd3 28. Qa3 Ra8 29. Qa5 Qe2 30. a4 b4 31. cxb4 cxb4 32. Qe5 Bg7 33. Qxe4 Rad8 34. Rab1 Rb2 35. Rxb2 Qxb2 36. Qxb4 Be5 37. Bxe5 Qxe5 38. Qb6 Rb8 39. Qxa6 Rxb3 40. a5 Ra3 41. Qc8+ Kg7 42. a6 Qa5 43. Rb1 Qxa6 44. Qxa6 Rxa6 45. Kh2 Ra2 46. Kg3 h5 47. f4 Ra3 48. Kf3 Ra2 49. g4 hxg4+ 50. hxg4 Rc2 51. Rb7 Ra2 52. g5 Rc2 53. Ke4 Rc4+ 54. Kf3 Rc2 55. e4 Rc3+ 56. Kg4 Re3 57. Re7 Re1 58. f5 gxf5+ 59. Kxf5 Rf1+ 60. Ke5 Rg1 61. Kf4 Rf1+ 62. Ke3 Rg1 63. Re5 Kg6 64. Kf4 Rf1+ 65. Ke3 Rg1 66. Kd4 Rxg5 67. Re8 Kg7 68. e5 Rg4+ 69. Kd5 Rg1 70. Kd6 Rd1+ 71. Ke7 Ra1 72. Rc8 Ra7+ 73. Kd6 Ra6+ 74. Kd5 Re6 75. Ke4 Re7 76. Kf5 Re6 77. Rc7 Rg6 78. Kf4 Re6 79. Kf5 Rg6 80. Re7 Ra6 81. Rb7 Re6 82. Ke4 Rg6 83. Kd5 Re6 84. Rd7 Ra6 85. Rd6 Ra5+ 86. Ke4 Ra4+ 87. Kf5 Ra1 88. Rd4 Rf1+ 89. Ke4 Re1+ 90. Kd5 Re2 91. Rg4+ Kf8 92. Rd4 Ke7 93. Rc4 Rd2+ 94. Ke4 Re2+ 95. Kf4 Ra2 96. Rc7+ Ke6 97. Rc6+ Ke7 98. Kf5 Rf2+ 99. Ke4 Re2+ 100. Kd4 Rd2+ 101. Ke3 Rd5 102. Ke4 Rd1 103. Kf5 Rf1+ 104. Ke4 Re1+ 105. Kd4 Rd1+ 106. Ke3 Re1+ 107. Kf4 Rf1+ 108. Kg5 Rg1+ 109. Kf5 Rf1+ 110. Ke4 Re1+ 111. Kd5 Rd1+ 112. Ke4 Re1+ 1/2-1/2

[Event "Titled Tuesday intern op 03rd Oct Early"]
[White "Stark, Lars"]
[Black "Musat, Adrian"]
[Site "Chess.com INT"]
[Round "1"]
[Result "1-0"]
[Date "2023.10.03"]
[WhiteElo "2365"]
[BlackElo "2378"]
[PlyCount "59"]
[EventDate "2023.10.03"]
[EventType "swiss (blitz)"]
[EventRounds "11"]
[EventCountry "USA"]
[SourceTitle "EXT 2025"]
[Source "ChessBase"]
[SourceDate "2024.10.14"]
[SourceVersion "1"]
[SourceVersionDate "2024.10.14"]
[SourceQuality "1"]

1. c4 c5 2. g3 g6 3. Bg2 Bg7 4. Nc3 Nc6 5. a3 a5 6. e3 e5 7. Nge2 Nge7 8. 0-0 0-0 9. Rb1 d6 10. d3 Be6 11. Nd5 Bxd5 12. cxd5 Nb8 13. b4 axb4 14. axb4 cxb4 15. Rxb4 Na6 16. Rxb7 Nc5 17. Rb1 Qa5 18. Bd2 Qa6 19. d4 exd4 20. Nxd4 Qd3 21. Bb4 Rfd8 22. Nc6 Nxc6 23. dxc6 Rac8 24. Ba5 Re8 25. Qxd3 Nxd3 26. Rfd1 Ne5 27. Rdc1 Ra8 28. Bb6 Ra6 29. c7 Rc8 30. Bb7 1-0

[Event "Titled Tuesday intern op 19th Sep Early"]
[White "Dmitrenko, Viktor"]
[Black "Musat, Adrian"]
[Site "Chess.com INT"]
[Round "8"]
[Result "0-1"]
[Date "2023.09.19"]
[WhiteElo "2395"]
[BlackElo "2378"]
[PlyCount "70"]
[EventDate "2023.09.19"]
[EventType "swiss (blitz)"]
[EventRounds "11"]
[EventCountry "USA"]
[SourceTitle "EXT 2024"]
[Source "ChessBase"]
[SourceDate "2023.10.10"]
[SourceVersion "1"]
[SourceVersionDate "2023.10.10"]
[SourceQuality "1"]

1. e4 e5 2. Nf3 Nc6 3. Nc3 Nf6 4. d4 exd4 5. Nd5 d6 6. Bd3 Bg4 7. h3 Bxf3 8. Qxf3 Ne5 9. Nxf6+ Qxf6 10. Qxf6 Nxd3+ 11. cxd3 gxf6 12. Ke2 c5 13. Bf4 Kd7 14. Rac1 h5 15. Kf3 Bh6 16. g3 Bxf4 17. Kxf4 Ke6 18. f3 a5 19. h4 b5 20. g4 Rac8 21. b3 Rcg8 22. Rcg1 a4 23. g5 fxg5+ 24. Rxg5 axb3 25. axb3 f6 26. Rf5 Ra8 27. Rg1 Ra3 28. Rg6 Rf8 29. Rxh5 Rxb3 30. Rf5 Rxd3 31. h5 c4 32. h6 c3 33. h7 c2 34. Rgxf6+ Ke7 35. Rf7+ Rxf7 0-1